|
|
|
|
| LEADER |
01338nam a2200361 a 4500 |
| 001 |
EBC712283 |
| 003 |
MiAaPQ |
| 005 |
20200520144314.0 |
| 006 |
m o d | |
| 007 |
cr cn||||||||| |
| 008 |
110706s1999 enkad sb 001 0 eng d |
| 020 |
|
|
|z 1855752182
|
| 020 |
|
|
|z 9781855752184
|
| 020 |
|
|
|a 9781849402866 (electronic bk.)
|
| 035 |
|
|
|a (MiAaPQ)EBC712283
|
| 035 |
|
|
|a (Au-PeEL)EBL712283
|
| 035 |
|
|
|a (CaPaEBR)ebr10477682
|
| 035 |
|
|
|a (CaONFJC)MIL312549
|
| 035 |
|
|
|a (OCoLC)729167013
|
| 040 |
|
|
|a MiAaPQ
|c MiAaPQ
|d MiAaPQ
|
| 050 |
|
4 |
|a HD58.8
|b .C43 1999
|
| 245 |
0 |
0 |
|a Changing organizations
|h [electronic resource] :
|b clinicians as agents of change /
|c edited by Alan Cooklin.
|
| 260 |
|
|
|a London :
|b Karnac Books,
|c 1999.
|
| 300 |
|
|
|a xxxi, 220 p. :
|b ill.
|
| 490 |
1 |
|
|a Systemic thinking and practice series
|
| 504 |
|
|
|a Includes bibliographical references and index.
|
| 533 |
|
|
|a Electronic reproduction. Ann Arbor, MI : ProQuest, 2015. Available via World Wide Web. Access may be limited to ProQuest affiliated libraries.
|
| 650 |
|
0 |
|a Organizational change.
|
| 655 |
|
4 |
|a Electronic books.
|
| 700 |
1 |
|
|a Cooklin, Alan.
|
| 710 |
2 |
|
|a ProQuest (Firm)
|
| 830 |
|
0 |
|a Systemic thinking and practice series.
|
| 856 |
4 |
0 |
|u https://ebookcentral.proquest.com/lib/matrademy/detail.action?docID=712283
|z Click to View
|